Stochastic Processes and Applications : (Record no. 478573)

000 -LEADER
fixed length control field 03787cam a22005897a 4500
001 - CONTROL NUMBER
control field 18276543
003 - CONTROL NUMBER IDENTIFIER
control field NUST
005 - DATE AND TIME OF LATEST TRANSACTION
control field 20180605044054.0
008 - FIXED-LENGTH DATA ELEMENTS--GENERAL INFORMATION
fixed length control field 140822t20142014nyua b 001 0 eng d
010 ## - LIBRARY OF CONGRESS CONTROL NUMBER
LC control number 2014949241
015 ## - NATIONAL BIBLIOGRAPHY NUMBER
National bibliography number GBB507717
Source bnb
016 7# - NATIONAL BIBLIOGRAPHIC AGENCY CONTROL NUMBER
Record control number 017003743
Source Uk
020 ## - INTERNATIONAL STANDARD BOOK NUMBER
International Standard Book Number 9781493913220
Qualifying information (hd. bd.)
020 ## - INTERNATIONAL STANDARD BOOK NUMBER
International Standard Book Number 1493913220
Qualifying information (hd. bd.)
020 ## - INTERNATIONAL STANDARD BOOK NUMBER
Canceled/invalid ISBN 9781493913237
Qualifying information (eBook)
035 ## - SYSTEM CONTROL NUMBER
System control number (OCoLC)ocn898121925
038 ## - RECORD CONTENT LICENSOR
Staff Name SNS Library
040 ## - CATALOGING SOURCE
Original cataloging agency OHX
Language of cataloging eng
Transcribing agency OHX
Modifying agency OCLCO
-- CUD
-- OCLCO
-- OCLCF
-- UKMGB
-- CDX
-- YDXCP
-- BTCTA
-- CHVBK
-- ORE
-- CNO
-- OCLCQ
-- MUU
-- DLC
042 ## - AUTHENTICATION CODE
Authentication code lccopycat
050 00 - LIBRARY OF CONGRESS CALL NUMBER
Classification number QA274
Item number .P385 2014
072 #7 - SUBJECT CATEGORY CODE
Subject category code QA
Source lcco
082 04 - DEWEY DECIMAL CLASSIFICATION NUMBER
Classification number 515.4 PAV 2014
Edition number 23
100 1# - MAIN ENTRY--PERSONAL NAME
Personal name Pavliotis, Grigorios A.,
Relator term author.
9 (RLIN) 10953
245 10 - TITLE STATEMENT
Title Stochastic Processes and Applications :
Remainder of title diffusion processes, the Fokker-Planck and Langevin equations /
Statement of responsibility, etc. Grigorios A. Pavliotis.
264 #1 - PRODUCTION, PUBLICATION, DISTRIBUTION, MANUFACTURE, AND COPYRIGHT NOTICE
Place of production, publication, distribution, manufacture New York :
Name of producer, publisher, distributor, manufacturer Springer,
Date of production, publication, distribution, manufacture, or copyright notice [2014]
264 #4 - PRODUCTION, PUBLICATION, DISTRIBUTION, MANUFACTURE, AND COPYRIGHT NOTICE
Date of production, publication, distribution, manufacture, or copyright notice ©2014
300 ## - PHYSICAL DESCRIPTION
Extent xiii, 339 pages :
Other physical details illustrations (some color) ;Hb.
Dimensions 25 cm.
336 ## - CONTENT TYPE
Content type term text
Content type code txt
Source rdacontent
337 ## - MEDIA TYPE
Media type term unmediated
Media type code n
Source rdamedia
338 ## - CARRIER TYPE
Carrier type term volume
Carrier type code nc
Source rdacarrier
490 1# - SERIES STATEMENT
Series statement Texts in applied mathematics,
International Standard Serial Number 0939-2475 ;
Volume/sequential designation volume 60
500 ## - GENERAL NOTE
General note Textbook for graduates.
504 ## - BIBLIOGRAPHY, ETC. NOTE
Bibliography, etc. note Includes bibliographical references (pages 321-334) and index.
520 ## - SUMMARY, ETC.
Summary, etc. This book presents various results and techniques from the theory of stochastic processes that are useful in the study of stochastic problems in the natural sciences. The main focus is analytical methods, although numerical methods and statistical inference methodologies for studying diffusion processes are also presented. The goal is the development of techniques that are applicable to a wide variety of stochastic models that appear in physics, chemistry and other natural sciences. Applications such as stochastic resonance, Brownian motion in periodic potentials and Brownian motors are studied and the connection between diffusion processes and time-dependent statistical mechanics is elucidated. The book contains a large number of illustrations, examples, and exercises. It will be useful for graduate-level courses on stochastic processes for students in applied mathematics, physics and engineering. Many of the topics covered in this book (reversible diffusions, convergence to equilibrium for diffusion processes, inference methods for stochastic differential equations, derivation of the generalized Langevin equation, exit time problems) cannot be easily found in textbook form and will be useful to both researchers and students interested in the applications of stochastic processes.--
Assigning source Source other than Library of Congress.
650 #0 - SUBJECT ADDED ENTRY--TOPICAL TERM
Topical term or geographic name entry element Stochastic processes
Form subdivision Textbooks.
9 (RLIN) 10954
650 #0 - SUBJECT ADDED ENTRY--TOPICAL TERM
Topical term or geographic name entry element Stochastic models
Form subdivision Textbooks.
9 (RLIN) 10955
650 #7 - SUBJECT ADDED ENTRY--TOPICAL TERM
Topical term or geographic name entry element Stochastic models.
Source of heading or term fast
Authority record control number or standard number (OCoLC)fst01737780
9 (RLIN) 10956
650 #7 - SUBJECT ADDED ENTRY--TOPICAL TERM
Topical term or geographic name entry element Stochastic processes.
Source of heading or term fast
Authority record control number or standard number (OCoLC)fst01133519
9 (RLIN) 10957
650 #7 - SUBJECT ADDED ENTRY--TOPICAL TERM
Topical term or geographic name entry element Stochastik.
Source of heading or term gnd
Authority record control number or standard number (DE-588)4121729-9
9 (RLIN) 10958
650 #7 - SUBJECT ADDED ENTRY--TOPICAL TERM
Topical term or geographic name entry element Statistik.
Source of heading or term gnd
Authority record control number or standard number (DE-588)4056995-0
9 (RLIN) 10959
655 #7 - INDEX TERM--GENRE/FORM
Genre/form data or focus term Textbooks.
Source of term fast
Authority record control number (OCoLC)fst01423863
9 (RLIN) 10960
776 0# - ADDITIONAL PHYSICAL FORM ENTRY
International Standard Book Number 9781493913237
776 0# - ADDITIONAL PHYSICAL FORM ENTRY
Record control number (GyWOH)har140494766
830 #0 - SERIES ADDED ENTRY--UNIFORM TITLE
Uniform title Texts in applied mathematics ;
Volume/sequential designation 60.
9 (RLIN) 10961
856 42 - ELECTRONIC LOCATION AND ACCESS
Materials specified Contributor biographical information
Uniform Resource Identifier <a href="https://www.loc.gov/catdir/enhancements/fy1617/2014949241-b.html">https://www.loc.gov/catdir/enhancements/fy1617/2014949241-b.html</a>
856 42 - ELECTRONIC LOCATION AND ACCESS
Materials specified Publisher description
Uniform Resource Identifier <a href="https://www.loc.gov/catdir/enhancements/fy1617/2014949241-d.html">https://www.loc.gov/catdir/enhancements/fy1617/2014949241-d.html</a>
856 41 - ELECTRONIC LOCATION AND ACCESS
Materials specified Table of contents only
Uniform Resource Identifier <a href="https://www.loc.gov/catdir/enhancements/fy1617/2014949241-t.html">https://www.loc.gov/catdir/enhancements/fy1617/2014949241-t.html</a>
906 ## - LOCAL DATA ELEMENT F, LDF (RLIN)
a 7
b cbc
c copycat
d 2
e epcn
f 20
g y-gencatlg
942 ## - ADDED ENTRY ELEMENTS (KOHA)
Source of classification or shelving scheme
Koha item type Book
Holdings
Withdrawn status Lost status Source of classification or shelving scheme Damaged status Not for loan Permanent Location Current Location Date acquired Total Checkouts Full call number Barcode Date last seen Price effective from Koha item type
          School of Natural Sciences (SNS) School of Natural Sciences (SNS) 06/05/2018   515.4 PAV 2014 SNS0002537 06/05/2018 06/05/2018 Book
© 2023 Central Library, National University of Sciences and Technology. All Rights Reserved.